000 00600cam a22002293a 4500
001 30702
003 PGUSA
005 20140828083650.0
008 091218s2009||||xxu|||||s|||||000 1 eng d
040 _aPGUSA
_beng
042 _adc
050 4 _aPQ
100 1 _aBourget, Paul,
_d1852-1935
245 1 0 _aMensonges
_h[electronic resource] /
_cPaul Bourget
260 _bProject Gutenberg,
_c2009
506 _aPublic domain in the USA.
516 _aElectronic text
653 _aFiction
830 0 _aProject Gutenberg
_v30702
856 4 0 _uhttp://www.gutenberg.org/ebooks/30702
942 _cEB
999 _c259957
_d259957